000
00268nam a2200121Ia 4500
008
241002s9999 xx 000 0 und d
082
_a
808.3 CAM
100
_a
Camous, Albert
245
4
_a
The plague
260
_a
London:
_c
1971
600
_a
Literature
942
_c
UC
999
_c
18757
_d
18757